000 00808cab a2200253 4500
001 WB2827-39
008 090401t1992 xxu||||| |||| 00| 0 eng d
035 _a(Sirsi) u55601
041 _aeng
245 _aArable area payments
260 _c1992
350 _a0
490 _aMAFF News Release
_v(215) 2 July 1992 (11)
520 _aFollowing adoption of the CAP reform agreement, a new system of area payments to producers of cereals, oilseeds and protein crops will be introduced as part of the programme to reduce cereal prices by 30% over three years.
650 _aARABLE AID SCHEME
650 _aARABLE AREA PAYMENTS
650 _aAREA PAYMENTS
650 _aCAP REFORM
650 _aCEREALS
650 _aSET-ASIDE
690 _aRURAL PRACTICE
942 _n0
948 _c04/03/1997
999 _c33980
_d33980